| 000 | 01191nam a22004217a 4500 | ||
|---|---|---|---|
| 005 | 20260313120753.0 | ||
| 008 | 171207b2009 xxu||||| |||| 00| 0 spa d | ||
| 020 | _a9781428318991 | ||
| 041 | _aESP | ||
| 082 | _a646.72 SP741c | ||
| 100 |
_aSpear, Jeryl _944812 |
||
| 245 | _aCuaderno de trabajo de estética estándar de Milady: principios fundamentales | ||
| 250 | _a7 edición | ||
| 260 | _aEstados Unidos | ||
| 260 | _bCengage Learning | ||
| 260 | _c2009 | ||
| 300 | _a148 páginas | ||
| 650 | _aCUIDADO DEL CABELLO, DE LA CARA, DE LA PIEL, DE LAS UÑAS | ||
| 650 | _aMAQUILLAJE | ||
| 650 | _aANATOMÍA Y FISIOLOGÍA | ||
| 650 | _aENFERMEDADES DE LA PIEL | ||
| 650 | _aCÁNCER DE PIEL | ||
| 650 | _aANÁLISIS DE LA PIEL | ||
| 650 | _aSALUD DE LA PIEL | ||
| 650 | _aHIPERTROFIAS | ||
| 650 | _aPRODUCTOS PARA EL CUIDADO DE LA PIEL | ||
| 650 | _aNUTRICIÓN | ||
| 650 | _aCONTROL DE INFECCIONES | ||
| 650 | _aIMAGEN PROFESIONAL | ||
| 650 | _aSALA DE TRATAMIENTO | ||
| 650 | _aACNÉ | ||
| 650 | _aSUDOR | ||
| 650 | _aCURRICULUM VITAE | ||
| 650 | _aQUÍMICA DE LOS COSMÉTICOS | ||
| 650 | _aÉTICA PROFESIONAL | ||
| 650 | _aPH | ||
| 942 |
_cBK _2ddc |
||
| 999 |
_c10041 _d10041 |
||